| 000 | 00746nam a2200229 a 4500 | ||
|---|---|---|---|
| 005 | 20241004063723.0 | ||
| 008 | 010924s1998 es r 000 0 spa d | ||
| 020 | _a8432309532 | ||
| 035 | _aUPN01000112921 | ||
| 049 | _aCG | ||
| 050 | 4 |
_aBF637 _bM3.6 |
|
| 245 | 0 | 0 |
_aManual de evaluación psicológica : _bfundamentos, técnicas y aplicaciones / _ccoord. Gualberto Buela-Casal. |
| 260 |
_aMadrid : _bSiglo XXI, _c1998. |
||
| 300 | _axlii, 1056 p. | ||
| 440 | 0 |
_aManuales. _pPsicología |
|
| 590 | _aBibliografía Básica (BGTQ) | ||
| 590 | _a(También localizas un ejemplar en el "Area de Reserva") | ||
| 650 | 4 |
_aPsicometría _99969 |
|
| 650 | 4 | _aPSICOLOGIA APLICADA | |
| 700 | 1 |
_aBuela-Casal, Gualberto, _ecoord. _931907 |
|
| 905 | _aLibro | ||
| 999 |
_c86829 _d86829 |
||